| 000 | 00589nam a22002417a 4500 | ||
|---|---|---|---|
| 003 | UA-OsUOA | ||
| 001 | 28269 | ||
| 007 | ta | ||
| 008 | 20050315b un ||||| |||| 00| 0 ukr d | ||
| 090 |
_a371 _bО-72 |
||
| 942 | _cBK | ||
| 040 |
_aUA-OsUOA _bukr _cUA-OsUOA _dUA-OsUOA |
||
| 245 |
_aОсвітні технології _bНавч.-метод. посіб. _cРед. О. М.Пєхота |
||
| 300 | _a256 с. | ||
| 955 | _a0 | ||
| 041 | _aukr | ||
| 080 | _a371 | ||
| 020 | _a966-8291-22-0 | ||
| 260 |
_aК. _bА. С. К. _c2004 |
||
| 044 | _aAU | ||
| 650 | 7 | _2UDC | |
| 999 |
_c314632 _d314632 |
||